Encyclopedia of atmospheric sciences and astrogeology (Record no. 28404)

MARC details
000 -LEADER
fixed length control field 00304nam a2200109Ia 4500
082 ## - DEWEY DECIMAL CLASSIFICATION NUMBER
Classification number 55(031)
Item number FAI
245 #0 - TITLE STATEMENT
Title Encyclopedia of atmospheric sciences and astrogeology
260 ## - PUBLICATION, DISTRIBUTION, ETC. (IMPRINT)
Place of publication New York
Name of publisher Reinhold
Year of publication 1976
700 ## - ADDED ENTRY--PERSONAL NAME
Personal name Fairbridge, Rhodes W
942 ## - ADDED ENTRY ELEMENTS (KOHA)
Koha item type Books
Holdings
Withdrawn status Lost status Damaged status Not for loan Home library Current library Date acquired Cost, normal purchase price Full call number Accession Number Koha item type
        RRII Library RRII Library 16/12/2021 30.50 55(031) FAI 09005 Books